| 000 | 01145nam a22002537a 4500 | ||
|---|---|---|---|
| 005 | 20170127020001.0 | ||
| 008 | 131029b2011 ck ||||| |||| 00| 0 spa d | ||
| 020 | _a9789588067346 | ||
| 041 | _aspa | ||
| 044 | _ack | ||
| 082 |
_a333.74 _bI19p |
||
| 245 |
_aProtocolo para la estimación nacional y subnacional de biomasa-carbono en Colombia _ceditado por Adriana Patricia Yepes ... [et al] |
||
| 260 |
_aBogotá _bInstituto de Hidrología, Meteorología y Estudios Ambientales, IDEAM _c2011 |
||
| 300 |
_a161 p. _bil. _c30 cm. |
||
| 520 | _aEsta publicación tiene como objetivo general proporcionar herramientas técnicas, metodológicas y estándares para la estimación nacional y sub-nacional de biomasa-carbono en Colombia en el marco de proyectos REDD | ||
| 650 |
_aProyecto REDD _92211 |
||
| 650 |
_aBiomasa _vProtocolos _92212 |
||
| 650 |
_aCarbono _xBosques _zColombia _92213 |
||
| 700 |
_aDuque-Montoya, Alvaro Javier _ded _91955 |
||
| 700 |
_aNavarrete-Encinales, Diego Alejandro _ded _91956 |
||
| 700 |
_91954 _aYepes-Quintero, Adriana, Patricia _ded |
||
| 700 |
_92214 _aPhillips-Bernal, Juan Fernando _ded |
||
| 942 |
_2ddc _cImpreso _01 |
||
| 999 |
_c7692 _d7692 |
||